|
|
|
|
| LEADER |
00000cas a2200000 a 4500 |
| 001 |
vtls008883319 |
| 003 |
SK-MaSNL |
| 005 |
20260228162131.0 |
| 008 |
220804d19611968xo mr|p 0 0 b0slo c |
| 035 |
|
|
|a (SVKBB03)vtls000129329
|
| 040 |
|
|
|a SVKBB
|b slo
|c SVKBB
|d SNK
|e AACR2
|
| 041 |
0 |
|
|a slo
|
| 044 |
|
|
|a xo
|c SK
|
| 072 |
|
7 |
|a 391
|x Odev, móda, ozdoby
|2 konspekt
|
| 072 |
|
7 |
|a 687
|x Odevný priemysel. Kozmetika. Kaderníctvo. Starostlivosť o vzhľad
|2 konspekt
|
| 072 |
|
7 |
|a 646
|x Odievanie. Starostlivosť o telo
|2 konspekt
|
| 080 |
|
|
|a 050
|2 2001
|
| 080 |
|
|
|a 391
|2 2001
|
| 080 |
|
|
|a 687.1
|2 2001
|
| 080 |
|
|
|a 646.4
|2 2001
|
| 245 |
0 |
0 |
|a Naša móda
|
| 260 |
|
|
|a Bratislava
|b Výbor československých žien na Slovensku
|c 1961-1968
|
| 300 |
|
|
|a 8 zv.
|c 34 cm
|
| 310 |
|
|
|a 1x mesačne
|
| 362 |
0 |
|
|a Roč. XI, č. 1 (1961)-roč. XVIII, č. 6 (1968)
|
| 500 |
|
|
|a Časopis obsahuje strihové prílohy
|
| 500 |
|
|
|a Č. 1-6/1968 pod názvom Naša móda ; od č. 7/1968 zmena názvu Móda
|
| 500 |
|
|
|a Tlač: Tlačiarne SNP, n. p., Martin
|
| 500 |
|
|
|a Šéfred.: Rút Vavrušová
|
| 500 |
|
|
|a Vyd.: od č. 9/1967-6/1968 Čs. sväz žien, slovenský výbor, Bratislava
|
| 650 |
0 |
7 |
|a móda
|2 SNKPH
|9 19682
|
| 650 |
0 |
7 |
|a odevy
|2 SNKPH
|9 27026
|
| 650 |
0 |
7 |
|a Fashion
|2 SNKPHeng
|9 268439
|
| 650 |
0 |
7 |
|a Clothing
|2 SNKPHeng
|9 267468
|
| 655 |
|
7 |
|a časopisy pre ženy
|2 SNKPH
|9 70785
|
| 700 |
1 |
|
|a Vavrušová, Rút
|4 pbd
|9 270440
|
| 780 |
0 |
0 |
|t Móda - textil
|w vtls010301624
|
| 785 |
0 |
0 |
|t Móda
|x 1335-0757
|w vtls008883372
|
| 910 |
|
|
|a snk
|
| 916 |
|
|
|a 1961-1968
|
| 999 |
|
|
|c 6905
|d 8835
|
| 952 |
|
|
|0 0
|1 0
|4 0
|7 0
|a SNK
|b SNK
|d 2003-10-11
|f 1
|i snkČSP 305/62
|l 0
|o snkČSB 832/11/1961
|p 17A0400272
|r 2005-01-02 00:00:00
|t č. 1-12 + príl.
|w 2026-02-21
|y PREZ
|z prílohy: 2 strihové príl.
|
| 952 |
|
|
|0 0
|1 0
|4 0
|7 0
|a SNK
|b SNK
|d 2003-02-26
|f 1
|i snkČSP 135/64
|l 0
|o snkČSB 832/13/1963
|p 17A0373167
|r 2005-01-02 00:00:00
|t č. 1-12 + príl.
|w 2026-02-21
|y PREZ
|z príloha: 1 strihová príl.
|
| 952 |
|
|
|0 0
|1 0
|4 0
|7 0
|a SNK
|b SNK
|d 2003-02-26
|f 1
|i snkČSP 132/68
|l 0
|o snkČSB 832/17/1967
|p 17A0373324
|r 2005-01-02 00:00:00
|t č. 1-12 + príl.
|w 2026-02-21
|y PREZ
|z prílohy: 9 strihových príl.
|
| 952 |
|
|
|0 0
|1 0
|4 0
|7 0
|a SNK
|b SNK
|d 2004-06-17
|f 1
|i snkČSP 709/67
|l 0
|o snkČSB 832/16/1966
|p 17A0430374
|r 2005-01-02 00:00:00
|t č. 1-12 + príl.
|w 2026-02-21
|y PREZ
|z prílohy: 5 strihových príl.
|
| 952 |
|
|
|0 0
|1 0
|4 0
|7 0
|a SNK
|b SNK
|d 2015-04-02
|f 1
|i snkČSP 572/63
|l 0
|o snkČSB 832/12/1962
|p 17A0706377
|r 2026-02-21 21:15:42
|t č. 1-12 + príl.
|w 2026-02-21
|y PREZ
|z príloha: 1 strihová príl.
|
| 952 |
|
|
|0 0
|1 0
|4 0
|7 0
|a SNK
|b SNK
|d 2015-04-02
|f 1
|i snkČSP 476/65
|l 0
|o snkČSB 832/14/1964
|p 17A0706387
|r 2026-02-21 21:15:42
|t č. 1-12 + príl.
|w 2026-02-21
|y PREZ
|z príloha: 1 strihová príl.
|
| 952 |
|
|
|0 0
|1 0
|4 0
|7 0
|a SNK
|b SNK
|d 2015-04-02
|f 1
|i snkČSP 264/66
|l 0
|o snkČSB 832/15/1965
|p 17A0706388
|r 2026-02-21 21:15:42
|t č. 1-12 + príl.
|w 2026-02-21
|y PREZ
|z prílohy: 4 strihové príl.
|
| 952 |
|
|
|0 0
|1 0
|4 0
|7 0
|a SNK
|b SNK
|d 1999-03-03
|f 1
|i snkČSP 260/69
|l 0
|o snkČSB 832/18/1968
|p 17A0184612
|r 2005-01-02 00:00:00
|t č. 1-6 + príl.
|w 2026-02-21
|y PREZ
|z č. 1-6 Naša móda zviazané s č. 7-12 Móda ; rovnaké prírastkové číslo ; prílohy: 4 strihové príl.
|
| 952 |
|
|
|0 0
|1 0
|4 0
|7 0
|a SNK
|b SNK
|d 2019-03-13
|l 0
|o snkČSB 832/11/1961 D1
|p 17A1154400
|r 2026-02-21 21:51:23
|t č. 1-12, neúplné
|w 2026-02-21
|y PREZ
|z Chýba č. 9, 10
|
| 952 |
|
|
|0 0
|1 0
|4 0
|7 0
|a SNK
|b SNK
|d 2019-03-13
|i snkČSP 369/64
|l 0
|o snkČSB 832/12/1962 D1
|p 17A1154399
|r 2026-02-21 21:51:23
|t č. 1-12
|w 2026-02-21
|y PREZ
|
| 952 |
|
|
|0 0
|1 0
|4 0
|7 0
|a SNK
|b SNK
|d 2019-03-13
|i snkČSP 549/66
|l 0
|o snkČSB 832/13/1963 D1
|p 17A1154398
|r 2026-02-21 21:51:23
|t č. 1-12
|w 2026-02-21
|y PREZ
|
| 952 |
|
|
|0 0
|1 0
|4 0
|7 0
|a SNK
|b SNK
|d 2019-03-13
|i snkČSP 25/67
|l 0
|o snkČSB 832/14/1964 D1
|p 17A1154397
|r 2026-02-21 21:51:23
|t č. 1-12
|w 2026-02-21
|y PREZ
|
| 952 |
|
|
|0 0
|1 0
|3 Obsahuje 7ks. strihová príloha
|4 0
|7 0
|a SNK
|b SNK
|d 2019-03-13
|i snkČSP 259/69
|l 0
|o snkČSB 832/17/1967 D1
|p 17A1154393
|r 2026-02-21 21:51:24
|t č. 1-12
|w 2026-02-21
|y PREZ
|z Obsahuje 7ks. strihová príloha
|
| 952 |
|
|
|0 0
|1 0
|3 Obsahuje 4ks. strihovej prílohy
|4 0
|7 0
|a SNK
|b SNK
|d 2019-03-13
|i snkČSP 1920/76
|l 0
|o snkČSB 832/15/1965 D1
|p 17A1154392
|r 2026-02-21 21:51:24
|t č. 1-12, neúplné
|w 2026-02-21
|y PREZ
|z Chýba č. 6 ; Obsahuje 4ks. strihovej prílohy
|
| 952 |
|
|
|0 0
|1 0
|4 0
|7 0
|a SNK
|b SNK
|d 2019-03-13
|i snkČSP 1437/67
|l 0
|o snkČSB 832/16/1966 D1
|p 17A1154391
|r 2026-02-21 21:51:24
|t č. 1-12
|w 2026-02-21
|y PREZ
|
| 952 |
|
|
|0 0
|1 0
|4 0
|7 0
|a SNK
|b SNK
|d 2017-10-07
|i snkČSP 581/70
|l 0
|o snkČSB 832/18/1968 D1
|p 17A1188565
|r 2026-02-21 21:56:32
|t č. 1-12, úplný
|w 2026-02-21
|y PREZ
|z príloha: 7 ks, chýba č. 1-6
|
| 952 |
|
|
|0 0
|1 0
|4 0
|7 0
|a SNK
|b SNK
|d 2017-10-07
|i snkČSP 581/70
|l 0
|o snkČSB 832/18/1968 D1 príl.
|p 17A1188566
|r 2026-02-21 21:56:32
|w 2026-02-21
|y PREZ
|